| 000 | 00667nam a2200205 a 4500 | ||
|---|---|---|---|
| 001 | BRCA_1651 | ||
| 005 | 20190320203507.0 | ||
| 008 | 011130s1990 mx-a---##b---#000-0#spa-d | ||
| 020 | _a9686363092 | ||
| 040 |
_aCUY _cCUY _dAZU |
||
| 050 | 4 |
_aNA757.M4 _b.S44 1990 |
|
| 100 | 1 |
_aSegurajáuregui, Elena _95152 |
|
| 245 | 1 | 0 |
_aArquitectura porfirista _bla Colonia Juárez _cElena Segurajáuregui. |
| 260 |
_aMéxico _bUAM, Azcapotzalco : Tilde _c1990. |
||
| 300 |
_a127 p. _bil., mapas _c26 cm. |
||
| 504 | _aBibliografía: (p. 123-127) | ||
| 650 | 1 | 4 |
_aArquitectura doméstica _zMéxico (Ciudad) _95153 |
| 651 | 4 |
_aColonia Juárez _zMéxico (Ciudad) _95154 |
|
| 942 |
_2lcc _cB |
||
| 999 |
_c1449 _d1449 |
||